| 000 | 01455agaaa2200325 4500 | ||
|---|---|---|---|
| 001 | 9077 | ||
| 003 | IT-RoPAU | ||
| 005 | 20220918181228.0 | ||
| 007 | d cvaizq | ||
| 008 | 50131s9999||||xx ||| | || ||und|| | ||
| 040 |
_aIT-RoPAU _cIT-RoPAU |
||
| 041 | _aITALIANO | ||
| 100 |
_aIosseliani Otar _gCodice regista SPICS: 13303 _939351 |
||
| 130 |
_aPASTORALE _939352 |
||
| 240 |
_aPASTORAL _gT2194 |
||
| 245 |
_aPASTORALE _cProdotto da: Tskonia R. -- Sceneggiatura: Ioseliani Otar Inanisvili Rezo Mechrisvili Otar -- Diretto da: Iosseliani Otar _pPASTORALE (Rif. Codice opera principale : 29077) |
||
| 246 | _aPASTORAL | ||
| 250 | _aEdizione Standard | ||
| 260 |
_aGEORGIA (ITALIA) _bSTUDIO KARTULI FILM / _g"1975 (1° ed.: 1985 ; Ed. Lingua Orig.: 1975)" |
||
| 300 |
_aVHS _bsonoro, col. _c105 minuti |
||
| 508 | _a"Montaggio: Marghisvili G.; Musica: Couperin Francois; Sceneggiatura: Ioseliani Otar Inanisvili Rezo Mechrisvili Otar; Scenografia: Rurua Vachtang; " | ||
| 511 | _a"Tcharkhaliscvili Rezo; Tohadze-Djougali Lya; Piphia Nestor; Karzivadze Marina" | ||
| 520 | _aARRANGIAMENTO MUSICA DI BAKURADZE/T. DAI TEMI DI COUPERIN E BRAHMS | ||
| 538 | _aPAL, STEREO | ||
| 546 | _aITALIANO | ||
| 650 |
_aDRAMMATICO _eFILMS [VHS] _xCodice MATERIA SPICS: 9960 _934083 |
||
| 700 |
_aCouperin Francois _e(musica) _gCodice Musica SPICS: 10665 _939353 |
||
| 700 |
_aIosseliani Otar _e(regista) _gCodice regista SPICS: 13303 _939354 |
||
| 942 |
_cVH _2ddc |
||
| 999 |
_c105080 _d105080 |
||